Tekst piosenki "Bedoes, Kubi Producent - Kwiat Polskiej Młodzieży" - Statystyki

Ogólne statystyki
  • Ten quiz został rozwiązany 45 razy
  • Średni wynik to 17 z 81
Statystyki odpowiedzi
Zwrotka Tekst % Poprawnych
1 Pora już wyłożyć prawdę na stół
65%
2 Z mamą dzieliliśmy szamę na dwóch
62%
42 Kwiat Polskiej Młodzieży
57%
44 Kwiat Polskiej Młodzieży
57%
46 Kwiat Polskiej Młodzieży
57%
48 Kwiat Polskiej Młodzieży
57%
64 Kwiat Polskiej Młodzieży
57%
66 Kwiat Polskiej Młodzieży
57%
68 Kwiat Polskiej Młodzieży
57%
70 Kwiat Polskiej Młodzieży
57%
41 My chcemy żyć, a nie tylko przeżyć
41%
43 My chcemy żyć, a nie tylko przeżyć
41%
45 My chcemy żyć, a nie tylko przeżyć
41%
47 My chcemy żyć, a nie tylko przeżyć
41%
63 My chcemy żyć, a nie tylko przeżyć
41%
65 My chcemy żyć, a nie tylko przeżyć
41%
67 My chcemy żyć, a nie tylko przeżyć
41%
69 My chcemy żyć, a nie tylko przeżyć
41%
5 Dla wrogów pogarda, dla rodziny miłość
30%
11 Bedi jechał w bagażniku
24%
16 Bedi nie zaliczył gimby
24%
13 Bedi to jest gruba kurwa
24%
12 Bedi wyruchał czternastkę
24%
15 Bedi obraża raperów
22%
14 Bedi schudł, bo zaczął ćpać, wiesz?
22%
4 Jadę aż kurwa zabraknie nam kół
22%
22 Nie wiedziałem, co mam zrobić, bałem się swoich idoli
22%
9 Wszyscy mnie wtedy osrali, wszyscy mnie wtedy jebali
22%
18 Dostałem telefon, że albo odwołam koncert, albo pęknie mi dupa
19%
10 Dziś połowa kraju chce mnie zabić, nie dziw się, że jestem pojebany, nie wiem co bym zrobił bez babci i mamy
19%
23 Idoli, których słuchałem, gdy chodziłem do szkoły
19%
7 Nie mam fajnych tatuaży i kolegów z branży
19%
26 Nienawidzę nienawiści
19%
6 Stałem na klatce gdzie jebało szczyną, dziś całe mieszkanie mi pachnie jak Dior
19%
25 Dzisiaj po raz drugi bym tego nie zrobił
16%
24 Nie byłem na to gotowy, może byłem głupi, może byłem młody
16%
28 Tak będzie lepiej dla wszystkich
16%
27 Zamiast chcieć mnie zabić, zamiast chcieć mnie pobić, zrób coś dobrego dla bliskich
16%
19 Byłem małolatem w trasie co spełnia marzenia, nie mogłem posłuchać
14%
21 Było nas sześcioro, w bagażniku jadę ja, albo jedzie Łowicz
14%
75 Każda porażka jest lekcją, nie ma co płakać jak dziecko
14%
20 Po koncercie banda większych, starszych typów nawija, że mnie wyrucha
14%
30 To całe gówno to ściema, dostałem wezwanie, złożyłem zeznanie i zjadłem śniadanie i sprawa zamknięta
14%
33 Zacząłem ćpać w drugiej klasie, skończyłem ćpać w drugiej klasie
14%
17 Be-be-bedi rozpierdoli wszystkich
11%
32 Dziś robię specjalny papier, w specjalnej furze mam specjalny napęd
11%
38 Nie jestem raperem, bo jestem zbyt szczery
11%
39 Nie jestem raperem, bo jestem zbyt szczery
11%
40 Nie jestem raperem, bo jestem zbyt szczery
11%
34 Schudłem, bo ciągle rzygałem, robiąc taką kasę już na pierwszej trasie
11%
8 Siedziałem na Skypie z White'm wysyłając do różnych labeli paczki
11%
50 Skurwielu, ja miałem nie żyć gdy się urodziłem
11%
37 Tego nie robią raperzy, tego nie robią raperzy
11%
58 W grupie tylko kurwa cwany jesteś
11%
35 Wsadzam mamę w pierwszą klasę, wsadzam babcię w pierwszą klasę
11%
29 Zamykam ten temat, co do czternastki to żadnej nie było i żadnej nie będzie i żadnej tu nie ma
11%
59 Z nożem na osiedlu straszysz dzieci, jebany debilu weź się zabij wreszcie
11%
78 A jeśli pijany debil się spina, to błagam mordeczko, weź zabierz go dla mnie
8%
74 Bałem się wychodzić z domu, bo czekali na ławce na mnie z nożami
8%
51 Dziadek jechał z Niemiec, nie wiedząc czy to przeżyję
8%
52 Dzisiaj znają moją ksywę traperzy w Berlinie, traperzy w Bydgoszczy, traperzy w Krakowie, traperzy w Warszawie, traperzy w Londynie
8%
57 Gdzie byłeś kutasie kiedy Maciek kupował se Gucci pasek z AliExpress?
8%
61 Ja jestem tym pojebanym z SB, ja jestem tym wciąż jebanym z SB
8%
71 Jeśli ktoś mnie sprzątnie to umrę będąc legendą
8%
76 Moje życie jest jak auto, jak się mijasz z prawdą, no to dzisiaj wracasz na pieszo
8%
62 Nie mam czasu się przepychać z wami, bo mam w toku sprawę i sprawy ważniejsze
8%
77 Nienawidzę świata na trzeźwo, choć nie ćpam i nie piję nawet w okazję
8%
73 Podczas kiedy rówieśnicy ciągle stresowali się egzaminami
8%
54 Pracuję przez wiosnę, pracuję przez lato, pracuję przez jesień, pracuję przez zimę
8%
31 Rzuciłem gimnazjum po tym jak je zdałem, powtarzałem klasę indywidualnie, bo byłem specjalnym dzieciakiem
8%
55 Serce oddałem muzyce, fanom i rodzinie, nic nie zostało dla dziwek
8%
56 To co gadasz do koleżków to tylko jebany bezsens
8%
60 Trapy, daby wszędzie, w tym jeziorze ja jestem wędkarzem, się jebnąłeś myśląc, że jebanym leszczem
8%
53 Wciąż uważam na Brutusów jakbyśmy conajmniej trapowali w Rzymie
8%
72 Wolę umrzeć na stojąco, niż przeżyć lecz klęcząc
8%
36 Za to co mówiłem w Stodole już poprzepraszałem, bo jestem człowiekiem i popełniam błędy
8%
49 Znowu jakaś pizda piszę mi, że mnie zabije
8%
3 Nie mów, że kurwa na gardle masz nóż i już nie dzwoń, bo już nie ogarnę wam pół
5%
79 Przejechałem prawie całą Polskę grając koncert
5%
81 Znam te sukę już za dobrze, mój tata bił mamę, więc nie pytaj dlaczego nie poszedłem na pogrzeb i dlaczego w środku ciągle jestem chłopcem, Borek
5%
80 Popatrzyłem w twarz hejterom, bo już dawno poznałem tą patologię
3%
Nie znaleziono quizów pasujących do podanych kryteriów
Rozkład punktacji
Procent ludzi z każdym wynikiem
Percentyl według liczby udzielonych odpowiedzi
Twoja historia wyników
Nie rozwiązałeś tego quizu